00478nam a2200181Ia 4500003000400000005001700004008004100021020002200062040000700084041000800091082002200099100000900121245007000130260003700200300001600237365001300253650003000266OSt20230429105534.0210423s2001 xx 000 0 und d a978-0-312-27567-9 cAL aeng a299.93 223bOSHI aOSHO aIntuition: knowing beyond logicbInsights for a new way of living aNew YorkbSt Martins pressc2001 axii,194bPB b399cINR aReligions of Indic Origin